000
00291nam a2200109Ia 4500
005
20251222153548.0
008
251222s9999||||xx |||||||||||||| ||spa||
082
_a
657.48/F79
100
_a
"Fowler Newton, Enrique"
245
0
_a
El ajuste de estados contables por planificación
942
_c
LIB
999
_c
30726
_d
30726